000 01079nam a22003377a 4500
001 0041484
003 KOHA_MİRAKIL
005 20260207003238.0
007 ta
008 130730b2012 tu a|||gr||||#||||0|tur |
020 _a9786053777670
040 _aTR-BiSEU
_btur
_cTR-BiSEU
_erda
041 0 _atur
044 _ctu
050 _aHG4910
_b.B39 2012
100 1 _aBayarçelik, Ebru Beyza .
245 1 _aEntelektüel sermayenin girişimsel oryantasyona etkisi ve firma performansı ile ilişkisi/
_cEbru Beyza Bayarçelik ; Ebru Beyza Bayarçelik .
264 1 _aİstanbul :
_bBeta
_c2012
300 _a158 sayfa :
_bresimli ;
_c25 cm
336 _ametin
_btxt
_2rdacontent
337 _aaracısız
_bn
_2rdamedia
338 _acilt
_bnc
_2rdacarrier
490 1 _aBeta yayın no ;
_v2744.
490 1 _aİşletme-Ekonomi ;
_v580
500 _aKaynakça var.
650 0 _aİntellectual Capital.
_977004
650 0 _aEntelektüel Sermaye.
_977005
830 1 _aBeta yayın no ;
_v2744.
_92735
830 1 _aİşletme-Ekonomi ;
_v580
_92830
942 _2lcc
_cBK
999 _c41337
_d41337